Guess the Lyrics 14 (Musical) Quiz Stats

Quiz not verified by Sporcle

Challenge
Share
Tweet
Embed
Score 0/282 Timer 17:00
0 Plays Today
% Correct
you
91.3%
I
91.3%
you
91.3%
you
91.3%
the
91.3%
the
91.3%
I
91.3%
the
91.3%
you
91.3%
you
91.3%
You
91.3%
you
91.3%
you
91.3%
the
91.3%
you
91.3%
you
91.3%
the
91.3%
the
91.3%
you
91.3%
you
91.3%
the
91.3%
I
91.3%
you
91.3%
the
91.3%
the
91.3%
I
91.3%
you
91.3%
the
91.3%
the
91.3%
the
91.3%
a
87%
a
87%
a
87%
a
87%
a
87%
a
87%
a
87%
a
87%
a
87%
a
87%
a
87%
a
87%
a
87%
a
87%
a
87%
a
87%
an
76.8%
and
76.8%
And
75.4%
and
75.4%
We
72.5%
we
72.5%
we
72.5%
we
72.5%
We
72.5%
me
71%
in
69.6%
in
69.6%
to
69.6%
to
69.6%
be
69.6%
it!
69.6%
to
69.6%
to
69.6%
it!
69.6%
he
68.1%
do
66.7%
do?
66.7%
on
66.7%
of
65.2%
of
65.2%
of
65.2%
of
65.2%
of
65.2%
for
63.8%
for
63.8%
when
62.3%
my
60.9%
that.
60.9%
my
60.9%
my
60.9%
go
59.4%
How
58%
are.
58%
how
58%
your
56.5%
where
56.5%
isn't
56.5%
you're
55.1%
Why
55.1%
I'm
53.6%
not
53.6%
I'm
53.6%
I'm
53.6%
% Correct
not
53.6%
I'm
53.6%
I'm
53.6%
I'm
53.6%
So
53.6%
So
53.6%
I'm
53.6%
not
53.6%
if
52.2%
were
50.7%
its
50.7%
We're
50.7%
Or
49.3%
too
49.3%
could
49.3%
Could
49.3%
Or
49.3%
could
49.3%
just
47.8%
one
47.8%
just
47.8%
from
47.8%
at
47.8%
just
47.8%
just
47.8%
From
47.8%
just
47.8%
From
47.8%
From
47.8%
just
47.8%
see
46.4%
But
46.4%
like
46.4%
all
46.4%
see
46.4%
see
46.4%
But
46.4%
but
46.4%
Don't
44.9%
Don't
44.9%
Then
44.9%
don't
44.9%
don't
44.9%
don't
44.9%
I'll
43.5%
I'll
43.5%
by
42%
by
42%
by
42%
by
42%
By
42%
you've
40.6%
look.
40.6%
look
40.6%
say
40.6%
Let
39.1%
I've
39.1%
way
37.7%
man,
37.7%
day.
37.7%
night
37.7%
want
37.7%
want
37.7%
night
37.7%
Night!
37.7%
man
37.7%
night?
37.7%
out,
34.8%
We'll
34.8%
any
34.8%
Well
34.8%
with
34.8%
Well
34.8%
Well
34.8%
With
34.8%
with
34.8%
get
33.3%
much
33.3%
hell
33.3%
show
33.3%
'bout
33.3%
get
33.3%
stay
33.3%
show
33.3%
been
33.3%
good
33.3%
bit
31.9%
up
31.9%
met
30.4%
He's
30.4%
light
30.4%
light
30.4%
he's
30.4%
little
29%
% Correct
'Cause
29%
lover.
29%
Maybe
29%
take
29%
got
29%
maybe
29%
maybe
29%
down.
27.5%
something
27.5%
come
27.5%
thought
26.1%
That's
26.1%
book
24.6%
transvestite
24.6%
around.
24.6%
use
24.6%
home.
24.6%
hurry.
24.6%
transvestite.
24.6%
transvestite,
24.6%
transvestite,
24.6%
Transvestite!
24.6%
judge
23.2%
cover.
23.2%
sweet
23.2%
Transylvania.
23.2%
car.
23.2%
sweet
23.2%
Transylvania.
23.2%
sweet
23.2%
Transylvania.
23.2%
Sweet
23.2%
Transylvania
23.2%
what's
23.2%
sweet
23.2%
Transexual,
21.7%
both
21.7%
phone?
21.7%
both
21.7%
back
21.7%
worry.
21.7%
seem
21.7%
Transexual,
21.7%
Transexual,
21.7%
Transexual
21.7%
knocked,
20.3%
candyman.
20.3%
strung
20.3%
handyman.
20.3%
pretty
20.3%
movie.
20.3%
glad
20.3%
caught
20.3%
caught
20.3%
flat.
20.3%
alright.
20.3%
making
20.3%
rain,
20.3%
really
20.3%
faithful,
18.8%
old
18.8%
bite?
18.8%
Bite!
18.8%
tan,
18.8%
blame.
18.8%
cause,
18.8%
symptom.
18.8%
brought
17.4%
play
17.4%
groovy.
17.4%
Steve
17.4%
Right
17.4%
Satanic
17.4%
mechanic.
17.4%
obsession.
17.4%
lab,
17.4%
slab.
17.4%
antici.....pation
17.4%
sound.
15.9%
Reeves
15.9%
babies
15.9%
It'll
15.9%
favorite
15.9%
hair
15.9%
relieving
15.9%
shiver
15.9%
panic.
14.5%
tension.
14.5%
remove
14.5%
visual.
13%
abysmal.
13%
Hit
13%
Hit
13%
blondeblonde
8.7%

You're not logged in!

Compare scores with friends on all Sporcle quizzes.
Sign Up with Email
OR
Log In

You Might Also Like...

Show Comments

Extras

Top Quizzes Today


Score Distribution

Your Account Isn't Verified!

In order to create a playlist on Sporcle, you need to verify the email address you used during registration. Go to your Sporcle Settings to finish the process.

Report this User

Report this user for behavior that violates our Community Guidelines.

Details: